000 00659cam a2200217 4500
001 J63985
008 000000n2001 000 0 eng u
035 _a(Sirsi) u111937
110 _aRoyal Institution of Chartered Surveyors
_94900
245 _aHow to become a chartered surveyor
260 _aLondon
_bRICS
_c2001
300 _a6p. ; 21cm.
520 _aPublicity booklet available free from Customer Services email [email protected]
650 _aCAREERS, EDUCATION AND TRAINING
650 _aRICS
650 _aAPC
_96216
650 _aABOUT RICS-RICS MEMBERS
650 _aMEMBERSHIP
690 _aEDUCATION-CAREERS
942 _n0
999 _c101315
_d101315